Gagnants et pole position des grands prix de Formule 1 (2020) - Statistiques

Statistiques générales
  • Ce quiz a été pris 531 fois
  • Le résultat moyen est 31 sur 34
Statistiques - réponses
Hint Réponse % Correct
Grand Prix de Grande-Bretagne Pole Position Lewis Hamilton
98%
Grand Prix de Grande-Bretagne Vainqueur Lewis Hamilton
98%
Grand Prix de Belgique Vainqueur Lewis Hamilton
97%
Grand Prix de Belgique Pole Position Lewis Hamilton
96%
Grand Prix de Russie Pole Position Lewis Hamilton
96%
Grand Prix d'Autriche Pole Position Valtteri Bottas
96%
Grand Prix d'Émilie-Romagne Vainqueur Lewis Hamilton
95%
Grand Prix d'Autriche Vainqueur Valtteri Bottas
95%
Grand Prix de Styrie Vainqueur Lewis Hamilton
94%
Grand Prix d'Italie Pole Position Lewis Hamilton
94%
Grand Prix de Russie Vainqueur Valtteri Bottas
94%
Grand Prix de Styrie Pole Position Lewis Hamilton
93%
Grand Prix d'Émilie-Romagne Pole Position Valtteri Bottas
93%
Grand Prix de Sakhir Pole Position Valtteri Bottas
93%
Grand Prix de l'Eifel Vainqueur Lewis Hamilton
92%
Grand Prix du 70e anniversaire Vainqueur Max Verstappen
91%
Grand Prix du 70e anniversaire Pole Position Valtteri Bottas
91%
Grand Prix de l'Eifel Pole Position Valtteri Bottas
91%
Grand Prix de Hongrie Pole Position Lewis Hamilton
90%
Grand Prix de Hongrie Vainqueur Lewis Hamilton
90%
Grand Prix d'Espagne Pole Position Lewis Hamilton
90%
Grand Prix d'Espagne Vainqueur Lewis Hamilton
90%
Grand Prix de Toscane Pole Position Lewis Hamilton
90%
Grand Prix de Toscane Vainqueur Lewis Hamilton
90%
Grand Prix du Portugal Pole Position Lewis Hamilton
90%
Grand Prix du Portugal Vainqueur Lewis Hamilton
90%
Grand Prix de Turquie Vainqueur Lewis Hamilton
90%
Grand Prix de Bahreïn Pole Position Lewis Hamilton
90%
Grand Prix de Bahreïn Vainqueur Lewis Hamilton
90%
Grand Prix d'Abou Dabi Vainqueur Max Verstappen
90%
Grand Prix d'Italie Vainqueur Pierre Gasly
90%
Grand Prix d'Abou Dabi Pole Position Max Verstappen
89%
Grand Prix de Sakhir Vainqueur Sergio Perez
89%
Grand Prix de Turquie Pole Position Lance Stroll
79%
Aucun quiz correspondant
Distribution des résultats
% des personnes avec chaque résultat
Percentile par nombre de réponses
Votre historique - résultats
Vous n’avez pas pris ce quiz